La mimique et la physiognomonie / (Record no. 162104)

MARC details
000 -LEADER
campo de control de longitud fija 00986nam a2200241 i 4500
001 - NÚMERO DE CONTROL
campo de control 162104
003 - IDENTIFICADOR DE NÚMERO DE CONTROL
campo de control ES-MaACL
005 - FECHA Y HORA DE LA ÚLTIMA TRANSACCIÓN
campo de control 20230906212428.0
008 - DATOS DE LONGITUD FIJA--INFORMACIÓN GENERAL
campo de control de longitud fija 020814s1888 fr |||| | fre d
040 ## - FUENTE DE CATALOGACIÓN
Centro catalogador/agencia de origen CCPB | B
Lengua de catalogación spa
Centro/agencia transcriptor CCPB | B
100 1# - ENTRADA PRINCIPAL--NOMBRE DE PERSONA
Nombre de persona Piderit, Th.
9 (RLIN) 131140
245 13 - MENCIÓN DEL TÍTULO
Título La mimique et la physiognomonie /
Mención de responsabilidad, etc. par Th. Piderit ; traduit de l'allemand d'aprés la deuxième édition par A. Girot.
260 ## - PUBLICACIÓN, DISTRIBUCIÓN, ETC.
Lugar de publicación, distribución, etc. Paris :
Nombre del editor, distribuidor, etc. ancienne librairie Germer Baillière et C\pie\s, Félix Alcan, éditeur :,
Fecha de publicación, distribución, etc. 1888.
300 ## - DESCRIPCIÓN FÍSICA
Extensión VII, 280 p. ;
Dimensiones 22 cm.
490 1# - MENCIÓN DE SERIE
Mención de serie Bibliothèque de philosophie contemporainé
650 #4 - PUNTO DE ACCESO ADICIONAL DE MATERIA--TÉRMINO DE MATERIA
Término de materia o nombre geográfico como elemento de entrada Gestos.
9 (RLIN) 136185
650 #4 - PUNTO DE ACCESO ADICIONAL DE MATERIA--TÉRMINO DE MATERIA
Término de materia o nombre geográfico como elemento de entrada Fisionomía.
9 (RLIN) 136124
700 1# - ENTRADA AGREGADA--NOMBRE PERSONAL
Nombre de persona Girot, A.
9 (RLIN) 127339
830 0# - PUNTO DE ACCESO ADICIONAL DE SERIE-TÍTULO UNIFORME
Título uniforme Bibliothèque de philosophie contemporainé
9 (RLIN) 181027
852 ## - LOCALIZACIÓN
Ubicación ES-MaACL
Número de control de estantería B-7026
Nota libre -- Enc. pasta española
Encuadernación -- Edic.: añadir en T260 (Tours : E. Arrault et C.) -- Completar encabezamiento, Piderit, Theodor
Holdings
Estatus retirado Estado de pérdida Estado de daño No para préstamo Colección Biblioteca de origen Biblioteca actual Ubicación en estantería Fecha de adquisición Fuente de adquisición Total de préstamos Signatura topográfica completa Código de barras Visto por última vez Precio de reemplazo Tipo de ítem Koha
        Libros del s. XIX Biblioteca del Ateneo de Madrid Biblioteca del Ateneo de Madrid Sala Pardo Bazán 17/01/2008     B-7026 1169819 23/02/2023 23/02/2023 Libro impreso antiguo